000 00930nam a22002417a 4500
003 0
005 20250113154655.0
008 241107b xxu||||| |||| 00| 0 eng d
050 _aPHS TD 367
_b.D997 2024
100 _aDy Po, Cyanara B.,
_eauthor.
245 _aA comparative study of Musa acuminata and Citrus sinensis as natural coagulants for reducing turbid water /
_cCyanara B. Dy Po, Princess Akari G. Maeda, Sofia Yra F. Ojales.
260 _aLas PiƱas :
_bSouthville International School and Colleges,
_c2024.
300 _avi, 87 p. :
_bcol. ill. ;
_c30cm.
504 _aIncludes bibliographical references.
650 _aPlant extracts
_vWater treatment.
650 _aCoagulation (Water treatment).
650 _aWater purification.
650 _aMusa acuminata.
650 _aCitrus sinensis.
700 _aMaeda, Princess Akari G.,
_eauthor.
700 _aOjales, Sofia Yra F.,
_eauthor.
942 _2lcc
_cPASS
999 _c366655
_d366655